000 00787nam a2200205 a 4500
003 0
005 20250428105512.0
008 050808s19uu xx 00 eng d
050 _aPHS LB 2338
_b.K56 2005
100 _aKim, Haeny.
245 _aThe Effects of time management skills on the academic performance of the graduating students /
_cHaeny Kim.
260 _aLas PiƱas City, Philippines :
_bSouthville International School and Colleges,
_c2005.
300 _a34 pages :
_billustrations ;
_c28 cm.
504 _aIncludes bibliographical references.
650 _2Library of Congress Subject Headings
_aTime management
_xStudy and teaching.
650 _aAcademic achievement
_xStudy and teaching.
650 _aStudents
_xTime management.
942 _2lcc
_cPASS
999 _c97253
_d97253